LEADER 01067nam--2200337---450- 001 990003503860203316 005 20110224121259.0 035 $a000350386 035 $aUSA01000350386 035 $a(ALEPH)000350386USA01 035 $a000350386 100 $a20110224d1963----km-y0itay50------ba 101 $aita 102 $aIT 105 $aa---||||001yy 200 1 $aStudio morfologico dei rapporti funzionali fra emocoagulazione e vasi sanguigni$fSiegfried Witte 210 $as.l.$cs.n.$dstampa 1963 215 $a45 p.$cill.$d19x25 cm 606 0 $aCoagulazione del sangue$2BNCF 676 $a573.159 700 1$aWITTE,$bSiegfried Kurt Helmut$0609551 801 0$aIT$bsalbc$gISBD 912 $a990003503860203316 951 $aFDC 306$b1028 Med.$cFDC 951 $aFDC 306/1$b1027 Med.$cFDC 959 $aBK 969 $aMED 979 $aCIANATIEMP$b90$c20110224$lUSA01$h1211 979 $aCIANATIEMP$b90$c20110224$lUSA01$h1212 996 $aStudio morfologico dei rapporti funzionali fra emocoagulazione e vasi sanguigni$91114524 997 $aUNISA LEADER 02923nam 2200685Ia 450 001 9910454462403321 005 20200520144314.0 010 $a0-8173-8278-X 035 $a(CKB)1000000000774938 035 $a(EBL)454542 035 $a(OCoLC)654398435 035 $a(SSID)ssj0000113667 035 $a(PQKBManifestationID)11127942 035 $a(PQKBTitleCode)TC0000113667 035 $a(PQKBWorkID)10101073 035 $a(PQKB)10933761 035 $a(SSID)ssj0000357288 035 $a(PQKBManifestationID)12151418 035 $a(PQKBTitleCode)TC0000357288 035 $a(PQKBWorkID)10352564 035 $a(PQKB)11436006 035 $a(MiAaPQ)EBC454542 035 $a(MdBmJHUP)muse9237 035 $a(Au-PeEL)EBL454542 035 $a(CaPaEBR)ebr10309874 035 $a(EXLCZ)991000000000774938 100 $a20080921d1987 uy 0 101 0 $aeng 135 $aur|n|---||||| 181 $ctxt 182 $cc 183 $acr 200 10$aBombast and broadsides$b[electronic resource] $ethe lives of George Johnstone /$fRobin F.A. Fabel 210 $aTuscaloosa, AL $cUniversity of Alabama Press$dc1987 215 $a1 online resource (265 p.) 300 $aIncludes index. 300 $aSpine title: Bombast & broadsides. 311 $a0-8173-1192-0 311 $a0-8173-0337-5 320 $aIncludes bibliography: p. [221]-233 and index. 327 $aContents; List of Illustrations; Preface; Johnstone Family Tree; 1. Man of War; 2. ""Emporium of the New World""; 3. The Guerilla of Leadenhall Street; 4. ""Man of Business""; 5. A Philadelphia Story; 6. Gunpowder and Port; 7. The Broad Pendant Wavers; 8. Final Appointments; 9. Conclusion; Notes; Bibliography; Index 330 $a George Johnstone has never received the scholarly attention he fully merits. Historians have assessed him, usually briefly, as governor of West Florida, or as naval commander, or as a member of parliament. Nevertheless, none has considered his important role in East India Company politics, nor, until Bombast and Broadsides, has one synthesized the various roles in which Johnstone was entrusted with high responsibilities. Through research in Cardiff, Edinburgh, Kew, London, Philadelphia, and Washington in largely unpublished manuscripts, together with the use of secondary sources, 606 $aLegislators$zGreat Britain$vBiography 606 $aGovernors$zWest Florida$vBiography 607 $aGreat Britain$xHistory$yGeorge II, 1727-1760 608 $aElectronic books. 615 0$aLegislators 615 0$aGovernors 676 $a941.07 676 $a941.07/3/0924 676 $a941.0730924 676 $a941.1072092 700 $aFabel$b Robin F. A.$f1934-$01049189 801 0$bMiAaPQ 801 1$bMiAaPQ 801 2$bMiAaPQ 906 $aBOOK 912 $a9910454462403321 996 $aBombast and broadsides$92477979 997 $aUNINA LEADER 01415nam a22003615i 4500 001 991002243469707536 007 cr nn 008mamaa 008 121227s1987 gw | s |||| 0|eng d 020 $a9783540478515 035 $ab14143501-39ule_inst 040 $aBibl. Dip.le Aggr. Matematica e Fisica - Sez. Matematica$beng 082 04$a512.55$223 082 04$a512.482$223 084 $aAMS 13C05 084 $aAMS 13C10 084 $aAMS 13D10 245 00$aSingularities, representation of algebras, and vector bundles$h[e-book] :$bproceedings of a symposium held in Lambrecht/Pfalz, Fed. Rep. of Germany, dec. 13-17, 1985 /$cedited by Gert-Martin Greuel, Gunther Trautmann 260 $aBerlin :$bSpringer,$c1987 300 $a1 online resource (xvi, 384 p.) 440 0$aLecture Notes in Mathematics,$x0075-8434 ;$v1273 650 0$aMathematics 650 0$aGeometry, algebraic 650 0$aTopological Groups 650 0$aGlobal analysis (Mathematics) 700 1 $aGreuel, Gert-Martin 700 1 $aTrautmann, Gunther 773 0 $aSpringer eBooks 856 40$uhttp://dx.doi.org/10.1007/BFb0078834$zAn electronic book accessible through the World Wide Web 907 $a.b14143501$b03-03-22$c05-09-13 912 $a991002243469707536 996 $aSingularities, representation of algebras, and vector bundles$979899 997 $aUNISALENTO 998 $ale013$b05-09-13$cm$d@ $e-$feng$ggw $h0$i0 LEADER 04141oam 2200625I 450 001 9910791183903321 005 20230803023424.0 010 $a1-317-72112-8 010 $a0-7890-0305-8 010 $a1-315-78664-8 010 $a1-317-72113-6 024 7 $a10.4324/9781315786643 035 $a(CKB)2550000001313354 035 $a(EBL)1702403 035 $a(SSID)ssj0001224906 035 $a(PQKBManifestationID)12505584 035 $a(PQKBTitleCode)TC0001224906 035 $a(PQKBWorkID)11267770 035 $a(PQKB)10294097 035 $a(MiAaPQ)EBC1702403 035 $a(OCoLC)897457557 035 $a(EXLCZ)992550000001313354 100 $a20180706e20131996 uy 0 101 0 $aeng 135 $aur|n|---||||| 181 $ctxt 182 $cc 183 $acr 200 04$aThe methods and methodologies of qualitative family research /$fJane F. Gilgun, Marvin B. Sussman, editors 210 1$aNew York :$cRoutledge,$d2013. 215 $a1 online resource (451 p.) 300 $a". has also been published as Marriage & family review, Volume 24, Numbers 1/2 and 3/4, 1996." 300 $aFirst published 1996 by the Haworth Press. 311 $a0-7890-0015-6 311 $a1-306-85354-0 320 $aIncludes bibliographical references at the end of each chapters and index. 327 $aCover; Half Title; Title; Copyright; CONTENTS; Preface: A Look at the Mosaic of Qualitative Family Research; Introduction: Showcasing Qualitative Family Research; PART I: RESEARCH REPORTS; Letters in the Attic: Private Reflections of Women, Wives, and Mothers; Document Analysis: The Contrast Between Official Case Records and the Journal of a Woman on Welfare; Bahamian Family Life as Depicted by Wives' Tales and Other Old Sayings; Egalitarianism and Oppression in Marriage: The Effects of Research on Researchers; African-American Adolescent Women: Perceptions of Gender, Race, and Class 327 $aMama Still Sparkles: An Elder Role Model in Long-Term CareDiscovering Women's Work: A Study of Post-Retirement Aged Women; Using Pattern Matching and Modified Analytic Induction in Examining Justice Principles in Child Support Guidelines; PART II: LEARNING TO BE QUALITATIVE; Learning to Be Interpretive: Hermeneutics and Personal Texts; Learning to Teach Qualitative Research: Reflections of a Quantitative Researcher; Research and Practice: A Reflexive and Recursive Relationship-Three Narratives, Five Voices; PART III: ESSAYS ON METHODOLOGIES 327 $aAn Ethnographic Approach to Understanding Service Use Among Ethnically Diverse Low Income FamiliesThe Composite Biography as a Methodological Tool for the Study of Childhood in History; Family Worlds and Qualitative Family Research: Emergence and Prospects of Whole-Family Methodology; Narrative Accounts, Generative Fathering, and Family Life Education; Money, Marriage and the Computer; Reflexivity and Qualitative Family Research: Insider's Perspectives in Bereaving the Loss of a Child; Index 330 $aThe Methods and Methodologies of Qualitative Family Research can provide you with a strong conceptual framework for undertaking qualitative research. As it explores inquiry and theory on the cutting edge, it shows how qualitative methodologies can be applied to family life, education, and research. Designed to demonstrate how emerging and established methodologies can advance the understanding of families and direct social change, this book is a major step in assessing the development, progress, and contributions of qualitative inquiry. Packed with useful information and innovative a 606 $aFamilies$xResearch 606 $aFamilies$xResearch$xMethodology 615 0$aFamilies$xResearch. 615 0$aFamilies$xResearch$xMethodology. 676 $a306.85/07/2 676 $a306.85072 701 $aGilgun$b Jane Frances$01581986 701 $aSussman$b Marvin B$0777532 801 0$bMiAaPQ 801 1$bMiAaPQ 801 2$bMiAaPQ 906 $aBOOK 912 $a9910791183903321 996 $aThe methods and methodologies of qualitative family research$93863933 997 $aUNINA